000 00730nam a22002537a 4500
003 BPGM
008 251218b2012 mx gr|||| 001 f spa d
020 _a968-7711-79-5
040 _aBPGM
_bspa
041 _aspa
_hspa
082 0 4 _2868M
_aR465/ CONACULTA, DGB
100 _aENRÍQUEZ PEREA ALBERTO
245 _aALFONSO REYES
250 _aPRIMERA EDICION
_b2012
260 _aMEXICO
_bEDICIONES CAL Y ARENA
_c2012
300 _a855 PÁGINAS
_c17 cm
336 _2rdacontent
_atexto
_btxt
337 _2rdamedia
_asin mediación
_bn
338 _2rdacarrier
_avolumen
_bnc
650 _2LITERATURA Y RETORICA
650 _2LATERATURA ESPAÑOLA Y PORTUGUESA
650 _2ESCRITOS VARIOS ESPAÑOLES
942 _2ddc
_cGENERAL
999 _c68442
_d68442